| 000 | 01228nam a22003497a 4500 | ||
|---|---|---|---|
| 003 | CHAP | ||
| 005 | 20220329135108.0 | ||
| 008 | 971013s1979 r 00010 d | ||
| 010 | _a30835 | ||
| 011 | _a31807 | ||
| 035 | _a35919 | ||
| 040 | _cCHAP | ||
| 090 | _aFolleto 6747 | ||
| 100 | 0 | 0 |
_aCosta García, Joaquín C. _928477 |
| 245 | _aPimiento pimentonero | ||
| 260 |
_aMadrid : _bInstituto Nacional de Investigaciones Agrarias, _c1979 |
||
| 300 | _a18 p. | ||
| 490 |
_aInstituto Nacional de Investigaciones Agrarias. Hoja técnica _v; 27 |
||
| 590 |
_aBATCH-UPD _b10 _c20130110 _lUCH01 _h0220 |
||
| 590 |
_aBATCH-UPD _b10 _c20130110 _lUCH01 _h1604 |
||
| 590 |
_aBATCH-UPD _b10 _c20130409 _lUCH01 _h2240 |
||
| 590 |
_aBATCH-UPD _b10 _c20130410 _lUCH01 _h1520 |
||
| 590 |
_aBATCH-UPD _b10 _c20130914 _lUCH01 _h0925 |
||
| 590 |
_aCONVERSION _b10 _c20130109 _lUCH01 _h1317 |
||
| 650 | 1 | 4 |
_aChile pimiento. _922473 |
| 830 | 0 |
_aInstituto Nacional de Investigaciones Agrarias. Hoja técnica _v; 27 _959315 |
|
| 901 | _aBK | ||
| 942 | _cFOLL | ||
| 949 |
_aFolleto 6747 _bBC _cFOLL _d-82924 _eTS1 _i35919 _si |
||
| 949 |
_aFolleto 6747 _bBC _cFOLL _d-82925 _eTS2 _fc.2 _i35919 _si |
||
| 949 |
_aFolleto 6747 _bBC _cFOLL _d-82926 _eTS2 _fc.3 _i35919 _si |
||
| 999 |
_c30835 _d30835 |
||